| 000 | 00983cam a2200145 4500500 | ||
|---|---|---|---|
| 005 | 20260405064209.0 | ||
| 041 | _afre | ||
| 042 | _adc | ||
| 100 | 1 | 0 |
_aDepraz, Nathalie _eauthor |
| 700 | 1 | 0 |
_aDepraz, Natalie _eauthor |
| 245 | 0 | 0 | _aComprendre la phénoménologie : Une pratique concrète |
| 260 |
_bArmand Colin,
_c2012. |
||
| 520 | _aCet ouvrage, devenu référence, synthétise les multiples spécificités de la phénoménologie dans une logique dynamique, en apportant un éclairage inédit sur des thèmes majeurs : la nécessité de la relation à l'expérience, la description comme mode de formulation philosophique, la recherche d'une méthode sans présuppositions. Elle permet aux étudiants de s'approprier cette démarche philosophique dans sa mise à l'épreuve pratique, et en relation avec d'autres disciplines et champs d'expérience. | ||
| 856 | 4 | 1 | _uhttps://shs.cairn.info/comprendre-la-phenomenologie--9782200281472?lang=fr&redirect-ssocas=7080 |
| 999 |
_c2186147 _d2186147 |
||